| 000 | 00566nam a2200157 i 4500 | ||
|---|---|---|---|
| 001 | 110232 | ||
| 003 | ES-MaACL | ||
| 005 | 20230906185016.0 | ||
| 007 | t| | ||
| 008 | 061121s1972 sp r ||||1| spa d | ||
| 245 | 0 | 0 |
_aOrdenación rural de Guadix _b: bEsquema tecnico y ciclo de conferencias. |
| 260 |
_aGranada : _bOrganización Sindical, Gabinete Técnico Consejo Económico Sindical Provincial, _c1972. |
||
| 300 |
_a182 p. 1 map. pleg. ; _c24 cm. |
||
| 710 | 2 |
_aConsejo Económico Sindical Provincial (Granada) _9164557 |
|
| 852 |
_aES-MaACL _jC-43309 _bR.80584 |
||
| 999 |
_c110232 _d110232 |
||